000
00239 a2200097 4500
001
15599
100
_a
Ameerul Huda
245
_a
Maslumanou kay ilami our saqqafti karnamie
260
_a
Karachi
_b
Qamer Kitab Ghar
_c
090
_c
12170
_d
12170
942
_a
NUST-CAE
_c
M
_c
2415
999
_c
250672
_d
250672